Bournemouth Biggest Transfers - Statistics

General Stats
  • This quiz has been taken 33 times
    4 since last reset
  • The average score is 59 of 82
Answer Stats
% Correct
Arrivals England CM 19 Alex Scott 23/24 Bristol City €23.00m
100%
Arrivals Ghana LW 23 Antoine Semenyo 22/23 Bristol City €10.25m
100%
Arrivals Netherlands LW 22 Arnaut Danjuma 19/20 Club Brugge €16.46m
100%
Departures Netherlands LW 24 Arnaut Danjuma 21/22 Villarreal €23.50m
100%
Arrivals Bosnia & Herzegovina GK 30 Asmir Begović 17/18 Chelsea €11.50m
100%
Arrivals Australia LB 22 Brad Smith 16/17 Liverpool €3.60m
100%
Arrivals England ST 22 Callum Wilson 14/15 Coventry City €3.70m
100%
Departures England ST 28 Callum Wilson 20/21 Newcastle United €22.25m
100%
Arrivals Burkina Faso LW 20 Dango Ouattara 22/23 Lorient €22.50m
100%
Arrivals Spain CB 19 Dean Huijsen 24/25 Juventus €19.63m
100%
Departures Spain CB 20 Dean Huijsen 25/26 Real Madrid €62.50m
100%
Arrivals England ST 21 Dominic Solanke 18/19 Liverpool €21.20m
100%
Departures England ST 26 Dominic Solanke 24/25 Tottenham Hotspur €64.30m
100%
Arrivals France ST 18 Eli Junior Kroupi 24/25 Lorient €13.00m
100%
Arrivals Turkey ST 27 Enes Ünal 24/25 Getafe €16.50m
100%
Arrivals Brazil ST 24 Evanilson 24/25 Porto €37.00m
100%
Arrivals Wales RW 22 Harry Wilson 19/20 Liverpool €2.70m
100%
Arrivals Ukraine CB 20 Illya Zabarnyi 22/23 Dynamo Kyiv €22.70m
100%
Arrivals England CB 19 James Hill 21/22 Fleetwood Town €1.20m
100%
Arrivals Colombia DM 23 Jefferson Lerma 18/19 Levante €30.50m
100%
Arrivals Paraguay RW 22 Juan Iturbe 15/16 Roma €1.20m
100%
Arrivals Mexico RB 23 Julián Araujo 24/25 Barcelona €10.00m
100%
Arrivals Argentina LB 19 Julio Soler 24/25 Lanús €8.00m
100%
Arrivals Netherlands AM 24 Justin Kluivert 23/24 Roma €10.80m
100%
Arrivals Spain GK 29 Kepa Arrizabalaga 24/25 Chelsea €3.60m
100%
Arrivals Wales ST 29 Kieffer Moore 21/22 Cardiff City €4.20m
100%
Departures Wales ST 31 Kieffer Moore 24/25 Sheffield United €1.79m
100%
Arrivals Colombia LW 25 Luis Sinisterra 24/25 Leeds United €23.40m
100%
Arrivals Argentina CB 25 Marcos Senesi 22/23 Feyenoord €15.00m
100%
Arrivals England LM 23 Marcus Tavernier 22/23 Middlesbrough €11.90m
100%
Arrivals Ireland CB 28 Marc Wilson 16/17 Stoke City €2.30m
100%
Departures Scotland RM 26 Matt Ritchie 16/17 Newcastle United €12.00m
100%
Arrivals Hungary LB 19 Milos Kerkez 23/24 AZ Alkmaar €17.87m
100%
Departures Hungary LB 21 Milos Kerkez 25/26 Liverpool €46.90m
100%
Arrivals Netherlands CB 22 Nathan Aké 17/18 Chelsea €22.80m
100%
Departures Netherlands CB 25 Nathan Aké 20/21 Manchester City €45.30m
100%
Arrivals England CB 24 Nathaniel Phillips 21/22 Liverpool €2.10m
100%
Arrivals Denmark CM 23 Philip Billing 19/20 Huddersfield Town €16.50m
100%
Arrivals Scotland CM 26 Ryan Christie 21/22 Celtic €2.90m
100%
Arrivals United States DM 24 Tyler Adams 23/24 Leeds United €26.90m
100%
Arrivals England CB 22 Tyrone Mings 15/16 Ipswich Town €11.30m
100%
Departures England CB 26 Tyrone Mings 19/20 Aston Villa €22.30m
100%
Departures England GK 22 Aaron Ramsdale 20/21 Sheffield United €20.50m
67%
Arrivals France LB 23 Adrien Truffert 25/26 Stade Rennais €13.50m
67%
Arrivals Wales CB 21 Chris Mepham 18/19 Brentford €13.60m
67%
Arrivals Wales RW 20 David Brooks 18/19 Sheffield United €11.30m
67%
Arrivals England ST 31 Glenn Murray 15/16 Crystal Palace €5.40m
67%
Departures England ST 33 Glenn Murray 16/17 Brighton & Hove Albion €3.50m
67%
Arrivals Ivory Coast AM 23 Hamed Traorè 23/24 Sassuolo €25.62m
67%
Arrivals England CM 24 Jack Wilshere 16/17 Arsenal €2.35m
67%
Arrivals England RW 20 Jordon Ibe 16/17 Liverpool €18.00m
67%
Arrivals England CM 19 Lewis Cook 16/17 Leeds United €7.00m
67%
Arrivals England RB 23 Max Aarons 23/24 Norwich City €8.10m
67%
Arrivals France RM 24 Romain Faivre 23/24 Lyon €15.00m
67%
Departures Romania LM 21 Alexandru Dobre 20/21 Dijon €1.00m
33%
Arrivals New Zealand GK 21 Alex Paulsen 24/25 Wellington Phoenix €2.27m
33%
Arrivals DR Congo ST 22 Benik Afobe 15/16 Wolverhampton Wanderers €13.30m
33%
Departures DR Congo ST 25 Benik Afobe 18/19 Wolverhampton Wanderers €11.40m
33%
Departures England DM 28 Ben Pearson 23/24 Stoke City €1.50m
33%
Departures England RW 22 Connor Mahoney 19/20 Millwall €1.10m
33%
Departures England ST 19 Danny Ings 11/12 Burnley €1.15m
33%
Arrivals Spain LB 25 Diego Rico 18/19 Leganés €15.00m
33%
Departures Ireland CM 30 Harry Arter 20/21 Nottingham Forest €5.50m
33%
Arrivals England RB 23 Jack Stacey 19/20 Luton Town €4.45m
33%
Departures England LW 25 Jaidon Anthony 25/26 Burnley €9.50m
33%
Arrivals Jamaica ST 27 Jamal Lowe 21/22 Swansea City €1.70m
33%
Arrivals England AM 26 Lee Tomlin 15/16 Middlesbrough €4.30m
33%
Departures England AM 27 Lee Tomlin 16/17 Bristol City €3.50m
33%
Arrivals Jamaica ST 27 Lewis Grabban 15/16 Norwich City €9.35m
33%
Departures Jamaica ST 30 Lewis Grabban 18/19 Nottingham Forest €6.80m
33%
Departures Jamaica ST 26 Lewis Grabban 14/15 Norwich City €3.70m
33%
Arrivals England CB 20 Lloyd Kelly 19/20 Bristol City €14.80m
33%
Arrivals France ST 20 Lys Mousset 16/17 Le Havre €6.50m
33%
Departures France ST 23 Lys Mousset 19/20 Sheffield United €11.10m
33%
Arrivals United States CB 18 Matai Akinmboni 24/25 D.C. United €1.50m
33%
Departures Ireland CM 23 Matt Holland 97/98 Ipswich Town €1.00m
33%
Arrivals Ivory Coast LW 27 Max Gradel 15/16 Saint-Étienne €10.00m
33%
Departures Ivory Coast LW 30 Max Gradel 18/19 Toulouse €2.00m
33%
Departures England ST 23 Sam Surridge 21/22 Stoke City €2.90m
33%
Arrivals Scotland LW 25 Siriki Dembélé 21/22 Peterborough United €2.64m
33%
Arrivals South Africa ST 22 Tokelo Rantie 13/14 Malmö €4.00m
33%
Departures England CB 28 Tommy Elphick 16/17 Aston Villa €3.90m
33%
No matching quizzes found
Score Distribution
Percent of People with Each Score
Percentile by Number Answered
Your Score History
You have not taken this quiz since the last reset